Т. 1: Рассказы и очерки; Собрание сочинений

Dades bibliogràfiques
Parent link:Собрание сочинений: в 8 т./ М. Твен; под ред. А. И. Старцева. Т. 1: Рассказы и очерки.— , 1980-
Altres autors: Семенов И. М. (иллюстратор)
Idioma:rus
Publicat: 1980
Matèries:
Format: Llibre
KOHA link:https://koha.lib.tpu.ru/cgi-bin/koha/opac-detail.pl?biblionumber=164062

MARC

LEADER 00000nam2a2200000 4500
001 164062
005 20231031161059.0
020 |a RU  |b 80-73625 
035 |a (RuTPU)RU\TPU\book\177992 
090 |a 164062 
100 |a 20090827g1980 m y0rusy5003 ca 
101 1 |a rus  |c eng 
102 |a RU 
105 |a a z 001ab 
200 0 |a Т. 1: Рассказы и очерки  |f худож. И. М. Семенов 
210 |d 1980 
215 |d 20 см.  |e (4 л. ил.)  |a 446 с. 
320 |a Примечания: с. 437-444 
461 1 |0 (RuTPU)RU\TPU\book\177991  |t Собрание сочинений  |o в 8 т.  |o пер. с англ.  |f М. Твен  |g под ред. А. И. Старцева  |v Т. 1: Рассказы и очерки  |d 1980-  |s Библиотека "Огонек". Зарубежная классика 
600 1 |a Твен  |b М.  |c американский писатель  |f 1835-1910  |g Марк  |c настоящие имя и фамилия Самюэл Ленгхорн Клеменс  |2 stltpush  |3 (RuTPU)RU\TPU\pers\15890 
610 1 |a американская литература 
675 |a 82  |z rus 
702 1 |a Семенов  |b И. М.  |4 440 
801 0 |a RU  |b RuMRKP  |c 19950704  |g psbo 
801 1 |a RU  |b 63413507  |c 20090827 
801 2 |a RU  |b 63413507  |c 20090827  |g RCR 
942 |c BK